000 00910cad a22002295a 4500
001 L157599
008 130129e2013 xxk 000 0 eng d
035 _a(Sirsi) u157599
041 0 _aeng
110 2 _aUnited Kingdom
_bDepartment for Communities and Local Government
_94939
245 0 0 _aBecoming an Authorised Green Deal Organisation
260 _c2013
520 _aHow to participate in the Green Deal as an assessor, provider or installer, including certification and compliance with the Code of Practice. With details of the finance for this scheme, the Green Deal golden rule and the charge mechanism.
590 _aKA
651 4 _aEngland
651 4 _aScotland
651 4 _aWales
690 _aEnergy
_96237
690 _aSustainability
_96271
856 4 0 _uhttps://www.gov.uk/becoming-an-authorised-green-deal-organisation
_zView the guidance free of charge at www.gov.uk
942 _n0
999 _c84417
_d84417